El robo de Elena (Record no. 170746)

MARC details
000 -LEADER
campo de control de longitud fija 00855nam a22001815i 4500
001 - NÚMERO DE CONTROL
campo de control 170746
003 - IDENTIFICADOR DE NÚMERO DE CONTROL
campo de control ES-MaACL
005 - FECHA Y HORA DE LA ÚLTIMA TRANSACCIÓN
campo de control 20230906214441.0
008 - DATOS DE LONGITUD FIJA--INFORMACIÓN GENERAL
campo de control de longitud fija 090402s1869 sp |||| | spa d
100 1# - ENTRADA PRINCIPAL--NOMBRE DE PERSONA
Nombre de persona Fotún, Tomás.
9 (RLIN) 139718
245 13 - MENCIÓN DEL TÍTULO
Título El robo de Elena
Resto del título : zarzuela bufa en tres actos /
Mención de responsabilidad, etc. arreglada á la música de Offembach por Tomás Fortún y Miguel Pastorfido.
260 ## - PUBLICACIÓN, DISTRIBUCIÓN, ETC.
Lugar de publicación, distribución, etc. Madrid :
Nombre del editor, distribuidor, etc. [s.n.],
Fecha de publicación, distribución, etc. 1869 (
Fabricante Impr. de José Rodríguez)
300 ## - DESCRIPCIÓN FÍSICA
Extensión 75 p. ;
Dimensiones 19 cm.
500 ## - NOTA GENERAL
Nota general En port.: Representada por primera vez en el Teatro de la Zarzuela el día 29 de mayo de 1869.
700 1# - ENTRADA AGREGADA--NOMBRE PERSONAL
Nombre de persona Pastorfido, Miguel.
9 (RLIN) 89537
700 0# - ENTRADA AGREGADA--NOMBRE PERSONAL
Nombre de persona Offembach, Jacques.
9 (RLIN) 86558
852 ## - LOCALIZACIÓN
Ubicación ES-MaACL
Número de control de estantería F-8559(2)
Nota libre Enc. pasta española
condición física .- Falto de la cub. original
Nota libre .- Enc. en un vol. facticio, formando parte de la col. facticia "Teatro español moderno", v. 11
Holdings
Estatus retirado Estado de pérdida Estado de daño No para préstamo Colección Biblioteca de origen Biblioteca actual Ubicación en estantería Fecha de adquisición Fuente de adquisición Total de préstamos Signatura topográfica completa Código de barras Visto por última vez Precio de reemplazo Tipo de ítem Koha
        Libros del s. XIX Biblioteca del Ateneo de Madrid Biblioteca del Ateneo de Madrid Sala Pecera Planta 2 02/04/2009     F-8559(2) 1179193 23/02/2023 23/02/2023 Libro impreso antiguo